000 00555nam a2200157 4500
001 21105
005 20230411085951.0
008 060907n19uu dr spa
035 _9funglode21261
041 _aES
110 _aInstituto Latinoamericano y del Caribe de Planificacíon Económica y Social
245 1 _aDiseño estratégico e infraestructura básica /
_cInstituto Latinoamericano y del Caribe de Planificacíon Económica y Social
260 _aSantiago de chile :
_bNaciones Unidas,
_c[s.f.]
300 _a226 p.
942 _2lcc
_cbk
999 _c110168
_d110168